Plants, people and nature : benefit sharing in practice. (Record no. 168)
[ view plain ]
| 000 -LEADER | |
|---|---|
| fixed length control field | 00576nam a22001577a 4500 |
| 020 ## - INTERNATIONAL STANDARD BOOK NUMBER | |
| ISBN | 9994927914 |
| 050 ## - CALL NUMBER | |
| Classification number | HT241 |
| Item number | .P53 |
| 100 ## - AUTHOR | |
| Personal name | AMMPS |
| 110 ## - AUTHOR | |
| CORPORATE AUTHOR | AMMPS |
| 245 ## - TITLE | |
| Title | Plants, people and nature : benefit sharing in practice. |
| Statement of responsibility, etc | AMMPS |
| 260 ## - PUBLICATION INFORMATION | |
| Place of publication | Port Louis, Mauritius : |
| Name of publisher | AAMPS Pub., |
| Year of publication | 2009. |
| 300 ## - DESCRIPTION | |
| Number of Pages | 192 pages : |
| Other physical details | illustrations ; |
| Dimensions | 24 cm |
| 500 ## - NOTES | |
| General note | INCLUDES BIBLIOGRAPHIC REFERENCE AND INDEX |
| 650 ## - SUBJECTS | |
| Topical Term | Medicinal plants -- Economic aspects -- Congresses. |
| -- | Public-private sector cooperation -- Congresses. |
| -- | Pharmacognosy -- Congresses. |
| 942 ## - ADDED ENTRY ELEMENTS (KOHA) | |
| Koha item type | Books |
| Withdrawn status | Lost status | Home library | Current library | Date acquired | Full call number | Accession Number | Koha item type |
|---|---|---|---|---|---|---|---|
| Methodist University Library Wenchi Faculty | Methodist University Library Wenchi Faculty | 13/10/2017 | HT241 .P53 | 33915 | Books |